00365nam a2200145Ia 4500008004100000020001800041041000800059082001800067100001300085245003000098260003700128300000800165365001600173700003000189230718s9999 xx 000 0 und d a9781107451537 aeng a302.23'1bMOE aMoe W.W. aSocial Media Intelligence c2014bCambridge University Press a194 cRs.b695.00 aMoe W.W. & Schweidel D.A.